[Event "Bazna Kings 5th"]
[Site "Medias"]
[Date "2011.06.17"]
[Round "6"]
[White "Radjabov, Teimour"]
[Black "Ivanchuk, Vassily"]
[Result "1/2-1/2"]
[WhiteElo "2744"]
[BlackElo "2776"]
[Annotator "Rogozenco,D"]
[PlyCount "90"]
[EventDate "2011.06.11"]
[EventType "tourn"]
[EventRounds "10"]
[EventCountry "ROU"]
[EventCategory "21"]
[SourceTitle "CBM 143"]
[Source "ChessBase"]
[SourceDate "2011.07.15"]
[SourceVersion "1"]
[SourceVersionDate "2011.07.15"]
[SourceQuality "1"]

1. Nf3 Nf6 2. c4 e6 3. Nc3 d5 4. d4 c5 5. cxd5 Nxd5 6. e4 Nxc3 7. bxc3 cxd4 8.
cxd4 {Many chessplayers say that the best way to prepare against Ivanchuk is
not to prepare at all, because the Ukrainian can play everything. Ivanchuk has
played this particular position three times in his career.} Bb4+ (8... Nc6 9.
Bc4 b5 10. Be2 a6 {was Van Wely,L (2605)-Ivanchuk,V (2740)/Monte Carlo 1998})
9. Bd2 Bxd2+ 10. Qxd2 O-O 11. Bc4 b6 ({Twice in the past Ivanchuk played} 11...
Nd7) 12. O-O Bb7 13. Rfe1 Nc6 14. Rad1 Rc8 15. h3 {A new move. Usually White
is trying to build an initiative in the center, or an attack on the kingside.}
({Here is an example of a typical White attack:} 15. Qf4 Na5 (15... Qf6 16. Qg4
Qg6 {is what Radjabov didn't like.}) 16. Bd3 Nc4 17. Rc1 b5 (17... Qd6 18. Qh4
$1) 18. d5 $1 exd5 19. e5 Qb6 20. Ng5 h6 21. Nh7 Rfd8 22. Nf6+ Kh8 23. Qf5 g6
24. Qf4 Kg7 25. e6 Rd6 26. Ne8+ {and Black resigned before being mated in the
game Mecking,H - Guillen Ramirez,J/Ayamonte 2006}) ({The critical continuation
however is} 15. d5) 15... h6 16. Qf4 Na5 ({Now after} 16... Qf6 17. Qg4 {
Black doesn't have 17...Qg6.}) 17. Bd3 Nc4 18. Rc1 ({After the game Radjabov
was keen to justify his 15th move and after some brief analysis both players
produced the following line:} 18. Re2 Qd6 19. e5 Qa3 20. Nh2 Nb2 21. Rxb2 (21.
Re3 Nxd3 22. Rexd3 Rc3) 21... Qxb2 22. Ng4 Rc3 23. Kh2 ({or} 23. Nxh6+ gxh6 24.
Qxh6 Rxd3 25. Qg5+ {and draw}) 23... Qa3 ({After} 23... Qxa2 24. Nxh6+ gxh6 25.
Qxh6 Rxd3 26. Rxd3 Be4 27. Rg3+ Bg6 28. h4 Qxf2 29. h5 {White wins}) 24. Nxh6+
gxh6 25. Qxh6 Rxd3 26. Qg5+ {with a draw. Indeed, 18.Rc1 was in no way
inferior to the game.}) 18... Qd6 $1 {A subtle use of the inclusion of the
moves h3/h6. Now if White avoids the exchange of queens, he takes the risk of
ending up worse. Therefore Radjabov wisely decides to enter the endgame and
make a draw.} 19. Qxd6 ({After both} 19. Qh4 Nb2 20. Bf1 Na4) ({and} 19. e5 Qb4
{Black is doing more than fine - he is fighting for advantage.}) 19... Nxd6 20.
Nd2 Rc6 21. f3 Rfc8 22. Rxc6 Rxc6 23. Rd1 {In the endgame only Black can be
potentially better thanks to his queenside pawn majority (the possibility to
build a passed pawn on the b-file can be important in many types of endgames).
But with accurate play White holds the balance.} Rc3 24. Nb1 Rc7 25. Nd2 Bc8
26. Kf2 Bd7 27. Rb1 Kf8 28. Ke2 Ke7 29. g4 f6 30. h4 e5 31. d5 b5 32. a3 a6 33.
h5 Nb7 34. Nb3 Kd6 35. Kd2 Rc8 36. Be2 Kc7 37. Nc1 ({At the press conference
Radjabov demonstrated the dangers of White's position if he exchanges the
wrong pieces:} 37. Rc1+ Kb6 38. Rxc8 Bxc8 39. Kc3 Nc5 40. Nxc5 Kxc5 41. Bf1 a5
42. Be2 Bd7 43. Bf1 Be8 44. Be2 Bf7 45. Bf1 f5 $1 {and White's position
becomes extremely shaky.}) 37... Nd6 38. Na2 a5 {So Ivanchuk succeeded in
advancing his pawns to the fifth rank, but he doesn't manage to go any further,
since a pawn on b4 can easily become very weak if not properly supported.} 39.
Nc3 Rb8 40. Rc1 Kd8 (40... Kb6 41. Rb1 {and Black cannot do much, since} Kc5 {
runs into} 42. Na4+) 41. Rb1 Rb7 ({This is an example of the wrong advance
b5-b3:} 41... b4 42. axb4 Rxb4 43. Rxb4 axb4 44. Na2 b3 45. Nc3 Kc7 46. Kc1 {
and Black will lose the b-pawn.}) 42. Bd3 Kc7 43. Kc1 {anticipating a possible
advance of the b-pawn Radjabov brings the king closer to the b-file.} ({
At the press conference the players established that even allowing the advance
of the b-pawn wouldn't be tragic for White. For instance:} 43. Be2 b4 44. axb4
Rxb4 45. Rxb4 axb4 46. Na2 b3 47. Nc3 {is also a draw.}) 43... Kb8 44. Rb3 Ka7
{With the last move Ivanchuk is setting a trap.} 45. Rb1 {Radjabov is accurate
and sidesteps it.} (45. Kb2 {allows Black to get the passed a-pawn (the
further Black's passed pawn is from the centre, the worse it is for White).} b4
$1 46. axb4 a4 $1 47. Ra3 (47. Nxa4 $2 {loses a piece} Bxa4 48. Ra3 Rxb4+ 49.
Kc3 Rd4) 47... Rxb4+ 48. Kc2 Kb6 {with advantage for Black.}) 45... Rb8 1/2-1/2

[Event "Bazna Kings 5th"]
[Site "Medias"]
[Date "2011.06.18"]
[Round "7"]
[White "Karjakin, Sergey"]
[Black "Radjabov, Teimour"]
[Result "1/2-1/2"]
[WhiteElo "2776"]
[BlackElo "2744"]
[Annotator "Rogozenco,D"]
[PlyCount "59"]
[EventDate "2011.06.11"]
[EventType "tourn"]
[EventRounds "10"]
[EventCountry "ROU"]
[EventCategory "21"]
[SourceTitle "CBM 143"]
[Source "ChessBase"]
[SourceDate "2011.07.15"]
[SourceVersion "1"]
[SourceVersionDate "2011.07.15"]
[SourceQuality "1"]

1. e4 e5 2. Nf3 Nc6 3. Bb5 f5 {In the Kings' Tournament nobody is surprised by
the Schliemann Gambit any more.} 4. Nc3 fxe4 5. Nxe4 Nf6 ({Nisipeanu preferred
here the variation starting with} 5... d5 6. Nxe5 dxe4 7. Nxc6 Qg5 {were the
games Carlsen-Nisipeanu, 2010 and Karjakin-Nisipeanu 2011.}) 6. Nxf6+ Qxf6 7.
Qe2 Be7 8. Bxc6 bxc6 9. Nxe5 Qe6 ({Black much more often plays} 9... O-O) 10.
Nf3 Qxe2+ {Strictly speaking, only this is a new move, but in principle
Black's entire conception is quite remarkable: Black enters an endgame a pawn
down in the belief that the bishop pair will secure enough compensation for a
draw. Such a conception is typical for instance of the Marshall Attack of the
Ruy Lopez.} (10... d6) ({and} 10... Qf7 {have been played before.}) 11. Kxe2 c5
12. Re1 Bb7 13. Kf1 Bxf3 14. gxf3 Rf8 {This looks like the critical position
for the evaluation of the entire line starting with 9...Qe6. In his home
preparation Radjabov came to the conclusion that it is a draw.} 15. Kg2 ({
A possible try to play for an advantage is} 15. d4 cxd4 16. Bg5 Rf7 17. Re4 d5
18. Re5 Rd8 19. Rae1 Rd7 20. b4 h6 21. Bxe7 Rfxe7 22. Re6 $1 ({Black is out of
danger in the pawn endgame:} 22. Rxe7+ Rxe7 23. Rxe7+ Kxe7 24. Ke2 Ke6 25. Kd3
Ke5 26. b5 g5)) 15... Rf5 16. d3 d5 17. f4 Rf7 ({Radjabov indicated that Black
can play even the direct} 17... Kd7 {and after} 18. Re5 Raf8 19. Rxf5 Rxf5 20.
Bd2 g6 {just wait with Bd6 and c6.}) 18. Re5 O-O-O 19. Rb1 ({After} 19. Bd2 {
Radjabov was ready to demonstrate another line of his home preparation:} Bf6
20. Re6 Bxb2 21. Rb1 Bd4 22. c3 Bf6 23. Ra6 d4 24. c4 Be7 25. Rxa7 Kd7 {
"and this is equal according to my computer" (Radjabov).}) 19... c6 20. Bd2 Bd6
21. Re6 Kd7 22. Rbe1 Rdf8 23. R1e2 {It is obvious that Black is out of danger
here.} Rf6 {The most precise, exchanging one pair of rooks.} ({Certainly not} 
23... Bxf4 $2 24. Bxf4 Rxf4 25. Re7+) 24. Rxf6 Rxf6 25. Be3 Re6 (25... Rg6+) (
25... d4 26. Bd2 Bxf4 27. Bxf4 Rxf4 28. Re5 Kd6 29. Re8 Rf7 30. Kg3 Re7 31. Ra8
(31. Rxe7 Kxe7 32. Kf4 Kf6 33. Ke4 h5 (33... a5 34. a3) 34. b4) 31... Re2 32.
Rxa7 Rxc2) 26. Kf3 d4 27. Bd2 Rxe2 28. Kxe2 Ke6 29. Kf3 Kf5 30. h3 1/2-1/2

[Event "Bazna Kings 5th"]
[Site "Medias"]
[Date "2011.06.19"]
[Round "8"]
[White "Radjabov, Teimour"]
[Black "Carlsen, Magnus"]
[Result "1/2-1/2"]
[WhiteElo "2744"]
[BlackElo "2815"]
[Annotator "Rogozenco,D"]
[PlyCount "57"]
[EventDate "2011.06.11"]
[EventType "tourn"]
[EventRounds "10"]
[EventCountry "ROU"]
[EventCategory "21"]
[SourceTitle "CBM 143"]
[Source "ChessBase"]
[SourceDate "2011.07.15"]
[SourceVersion "1"]
[SourceVersionDate "2011.07.15"]
[SourceQuality "1"]

1. Nf3 Nf6 2. c4 e6 3. Nc3 d5 4. d4 Be7 5. Bf4 O-O 6. e3 b6 {This continuation
is less popular than 6...c5 and 6...Nbd7.} 7. cxd5 Nxd5 8. Nxd5 Qxd5 9. Bd3
Qa5+ 10. Ke2 (10. Nd2 Ba6 {is equal.}) 10... Ba6 11. a3 c5 12. b4 Bxd3+ 13.
Qxd3 Qa4 (13... cxb4 14. axb4 Qd5 (14... Qxb4 $2 15. Rhb1) 15. b5 {gives White
an advantage.}) 14. bxc5 (14. Rhc1 {has been played before. Then Black keeps
equal chances with 14...Nd7, but not} cxb4 $2 15. axb4 Qxb4 $2 16. Rcb1 {
and White traps the queen.}) ({At the press conference Radjabov revealed that
during the game he was calculating sharp variations starting with} 14. h4 Nd7
15. Ng5 Nf6 16. Be5 c4 17. Qb1 g6 18. h5 Nd5 19. hxg6 {when Black should
continue} f6 {and now probably the strongest move for White is} (19... Nc3+ {
can lead to a nice mate:} 20. Kf1 Nxb1 21. gxh7#) 20. Kf1 {defending from the
fork on c3. My computer says the position is .... equal. Here is why:} fxe5 21.
Nf7 Bf6 22. Qe4 Bg7 23. Nh6+ Kh8 24. Nf7+ Kg8 {with a draw by repetition. When
seeing such variations one can hardly avoid thinking about the draw death for
chess.}) 14... bxc5 15. Rhc1 Nd7 16. Qc4 Qa5 {Carlsen keeps the queens on,
trying to exploit the fact that the opponent's king is in the centre. But the
position is very close to equal anyway.} (16... Qxc4+ 17. Rxc4 Nb6 18. Rc2 Rfc8
19. dxc5 Rxc5 20. Rxc5 Bxc5 {is equal.}) 17. dxc5 ({After} 17. Qc3 Qa6+ 18. Qc4
{Black might consider} Qc6) 17... Nxc5 18. Nd4 Rac8 19. Qb5 ({Another
possibility was} 19. Kf1 Rfd8 {and only now} 20. Qb5 {when Black cannot avoid
the exchange of queens, with an equal endgame.}) 19... Qd8 (19... Qxb5+ 20.
Nxb5 a6 {would be just bad in view of} 21. Na7 Ra8 22. Nc6 Bf6 23. Rab1 {
and White is clearly better.}) 20. Nc6 Qd7 21. Nxe7+ Qxe7 22. Be5 (22. Rc4 {
is somewhat better, preparing to double the rooks on the c-file.}) 22... Ne4 $1
23. f3 (23. Qb4 Qh4 24. Bg3 Qg4+ 25. Kf1 {is also about equal.}) 23... Qg5 24.
fxe4 {Black has many ways to force a draw.} Rcd8 (24... f6 25. Rxc8 Rxc8 26.
Qd7 Qxg2+ 27. Ke1 Qg1+ 28. Ke2 Qg2+ $11) (24... Qxg2+ 25. Ke1 (25. Kd3 $2 Rfd8+
26. Bd4 Rb8 {leads to troubles for White.}) 25... Qg1+ 26. Kd2 Rfd8+ 27. Bd4
Rxd4+ 28. exd4 Qf2+ 29. Qe2 Qxd4+ 30. Qd3 Qf2+ 31. Kd1 Qg1+ $11) (24... Rxc1
25. Rxc1 f6 26. Qd7 Qxe5 27. Rc7 f5 28. exf5 Rxf5 29. Rc8+ Rf8 30. Rxf8+ Kxf8
$11) 25. Qb2 Qxg2+ 26. Ke1 Qg1+ 27. Ke2 Qg2+ 28. Ke1 Qg1+ ({Both players came
to the conclusion that} 28... Qxe4 {does not offer Black real winning chances.}
) 29. Ke2 1/2-1/2

[Event "Bazna Kings 5th"]
[Site "Medias"]
[Date "2011.06.20"]
[Round "9"]
[White "Nakamura, Hikaru"]
[Black "Radjabov, Teimour"]
[Result "1/2-1/2"]
[WhiteElo "2774"]
[BlackElo "2744"]
[Annotator "Rogozenco,D"]
[PlyCount "92"]
[EventDate "2011.06.11"]
[EventType "tourn"]
[EventRounds "10"]
[EventCountry "ROU"]
[EventCategory "21"]
[SourceTitle "CBM 143"]
[Source "ChessBase"]
[SourceDate "2011.07.15"]
[SourceVersion "1"]
[SourceVersionDate "2011.07.15"]
[SourceQuality "1"]

1. e4 c5 2. Nf3 Nc6 3. d4 cxd4 4. Nxd4 e5 5. Nb5 d6 6. N1c3 a6 7. Na3 b5 8. Nd5
Nge7 (8... Nf6 9. Bg5 {transposes to a Sveshnikov Sicilian.}) 9. c4 Nxd5 10.
cxd5 (10. Qxd5 Bd7) (10. exd5 Nd4 11. cxb5 Be7 12. Be3 Nf5 13. Bd2 e4 14. bxa6
O-O 15. Be2 Bf6 16. Nc4 Bxa6 17. O-O Nd4 18. Rc1 Bb5 19. Bc3 Nxe2+ 20. Qxe2
Rxa2 21. Qxe4 {1/2-1/2 Carlsen,M (2690)-Radjabov,T (2729)/Wijk aan Zee 2007})
10... Nd4 11. Bd3 g6 12. Nc2 Bg7 13. O-O O-O 14. Be3 (14. Nxd4 exd4 15. a4 Bd7
{is about equal.}) 14... Kh8 15. Rc1 f5 16. f3 Bd7 17. Qd2 f4 18. Bf2 g5 {
Radjabov allows his opponent to win the pawn on d4, rightly assessing that
after the exchange of most of the pieces Black will be able to achieve a draw.}
19. Nxd4 exd4 20. Be2 Qb6 21. Rfd1 Rac8 22. Rxc8 Rxc8 23. b4 ({After the game
Nakamura tried to look for an advantage by advancing the pawn on the kingside
with} 23. h4 {but Black still keeps the balance:} h6 24. hxg5 hxg5 25. g3 Be5
26. gxf4 gxf4 {and if} 27. Bd3 {(with the idea to run with the king to e2),
then Black even manages to take over the initiative with} Bh3 $1) (23. Kf1 {
deserves attention first, and if} b4 {then} (23... Be5 {is probably better.})
24. h4) 23... Be5 24. a3 Kg7 25. Kf1 Kf7 26. Ke1 Qc7 27. Bxd4 Bxd4 28. Qxd4
Qc3+ 29. Qxc3 Rxc3 30. Rd3 Rxd3 31. Bxd3 {White is a pawn up and as Nakamura
admitted at the press conference, he was quite optimistic during the game
about his chances here. But with accurate defence Black is able to achieve the
draw.} h5 32. g3 h4 $1 (32... Kf6 33. gxf4 gxf4 34. h4 $1 {looks risky for
Black, since unlike in the game he doesn't have the h5-square for the bishop.})
33. gxf4 gxf4 34. Kd2 Kf6 35. Kc3 Ke5 36. a4 Be8 37. Be2 Bd7 38. Bf1 Be8 39.
axb5 axb5 40. Kd3 ({After} 40. Bh3 {Black has the reply} Bh5 {That's why the
zugzwang ideas don't really work in this endgame.}) 40... Bd7 41. Ke2 Kd4 42.
Kd2 Ke5 ({There is no point for Black to go for} 42... Be8 43. Bh3 Kc4 44. Bc8)
43. Kd3 Bc8 44. Kc3 Bd7 45. Kd3 Bc8 46. Kc3 Bd7 1/2-1/2

[Event "Bazna Kings 5th"]
[Site "Medias"]
[Date "2011.06.21"]
[Round "10"]
[White "Radjabov, Teimour"]
[Black "Nisipeanu, Liviu Dieter"]
[Result "1/2-1/2"]
[WhiteElo "2744"]
[BlackElo "2659"]
[Annotator "Nisipeanu,LD"]
[PlyCount "67"]
[EventDate "2011.06.11"]
[EventType "tourn"]
[EventRounds "10"]
[EventCountry "ROU"]
[EventCategory "21"]
[SourceTitle "CBM 143"]
[Source "ChessBase"]
[SourceDate "2011.07.15"]
[SourceVersion "1"]
[SourceVersionDate "2011.07.15"]
[SourceQuality "1"]

1. e4 c6 {Somehow, I had the feeling that this little move surprised my
opponent. In the previous rounds I had used 1...e5 as my main weapon, but
after two unnecessary losses with it, I considered that I should switch to
something else.} 2. d4 d5 3. Nc3 dxe4 4. Nxe4 Bf5 5. Ng3 Bg6 6. Nh3 {This is
the main weapon of Radjabov against the Caro-Kann, a tricky line, but
certainly less dangerous than the main line.} e6 ({In fact, before the game I
had decided to play} 6... Nf6 7. Nf4 e5 {as Anand and Leko played against
Radjabov. Black is very close to equality here, but has zero winning chances
and therefore I decided to choose a more risky line.}) 7. Nf4 Bd6 8. h4 Bxf4 9.
Bxf4 h6 10. c3 Nf6 11. Qb3 Nd5 12. Bd2 Qc7 13. c4 Nf6 14. Qa3 {Teimour played
this move confidently and to be honest, I got a little bit worried.} c5 $5 $146
({My initial plan} 14... Nbd7 15. Bb4 c5 16. dxc5 a5 {felt too risky after} 17.
c6 Qxc6 18. Bd6) 15. dxc5 ({I was almost certain that my opponent would go for
} 15. Qxc5 Qxc5 16. dxc5 {after which the best move is} Nfd7 $1 (16... Nbd7 17.
c6 bxc6 18. Be2 Ne5 19. Bc3 Nd3+ 20. Bxd3 Bxd3 21. b3 {is slightly better for
White.}) 17. Bc3 (17. Be3 Na6 18. c6 bxc6 {is ok for Black}) 17... O-O 18. h5
Bh7 19. b4 a5 20. a3 axb4 21. axb4 Rxa1+ 22. Bxa1 Nc6 23. Bc3 Ra8 $44 {with
enough compensation for the pawn.}) 15... O-O 16. Be2 Nc6 $1 {Instead of
trying to win the pawn back immediately Black is playing for the initiative.} (
16... Nbd7 17. Be3 a5 18. O-O Rac8 19. c6 $14) 17. O-O (17. Be3 a5 18. Qc3 Nb4
19. O-O Nc2 20. Rad1 Nxe3 21. Qxe3 Nd7 $11) 17... Nd4 18. Bd1 ({I was hoping
for} 18. Bd3 Rad8 $1 19. Bxg6 fxg6 20. Ba5 b6 21. cxb6 axb6 22. Bb4 Rf7 23.
Rad1 Ng4 {with a powerful initiative for Black.}) 18... a5 19. Rc1 ({Less good
is} 19. Qe3 Qxc5 20. Bc3 e5 $15) 19... Rfd8 20. Be3 Nc6 $5 (20... Rac8 21. Re1
(21. f4 Ne4 22. Nxe4 Bxe4 {is good for Black}) 21... e5 22. Bd2 {is about
equal, but less tricky!}) 21. Bf3 (21. Be2 Nb4 22. Rfd1 Nc2 23. Qc3 Nxe3 24.
Qxe3 (24. Rxd8+ Rxd8 25. Qxe3 Rc8 26. Rd1 Nd7 27. c6 bxc6 $11) 24... Nd7 $11)
21... Ne5 (21... Nd4 {was also possible, but I had more aggressive intentions.}
) 22. Be2 Neg4 23. Bxg4 ({There was the safer, but also less ambitious} 23.
Rfd1 Nxe3 24. Qxe3 Nd7 {with complete equality.}) 23... Nxg4 24. Rfd1 Qe5 $1 {
At this point I became quite optimistic about my prospects and I was really
hoping that Teimour would not go for the 'forced draw'. More about it later.}
25. Nf1 Qf6 26. Rxd8+ $6 ({Better was} 26. Rd6 Qxh4 27. Rcd1 Rdc8 {which leads
to an unclear position.}) 26... Rxd8 27. Qxa5 Rd3 28. Qa8+ {A good practical
choice, which we both thought led to a forced draw. Other moves lead to
advantage for Black:} (28. Qe1 Qxb2 29. Rb1 Rxe3 30. Nxe3 Qxb1 31. Qxb1 Bxb1
32. Nxg4 Bxa2 33. Ne5 $1 (33. Ne3 Kf8 34. Kf1 Ke7 35. Ke2 Kd7 36. Kd3 Kc6 37.
Kd4 f6 $19) 33... f6 34. c6 bxc6 35. Nxc6 Bxc4 $17) 28... Kh7 29. Qxb7 Rxe3 $1
30. fxe3 Qf2+ 31. Kh1 Qxh4+ 32. Kg1 Qf2+ 33. Kh1 Qh4+ ({It seems that Black is
winning after} 33... Bd3 {but I lacked time and focus to find the winning line.
Thus, the 'forced draw' could have easealy been a forced loss after} 34. Qf3
Qh4+ 35. Kg1 Bxf1 36. g3 Qh5 $1 {the move that I missed in my calculations} ({
I only calculated} 36... Qh2+ 37. Kxf1 Qxb2 38. Qxg4 Qxc1+ 39. Kf2 {and Black
can not hope for more then a draw here.}) 37. Qh1 Bh3 38. Rf1 f5 39. c6 Ne5 40.
c7 Qg4 {and Black's attack is quicker then the c-pawn.}) 34. Kg1 1/2-1/2